Султан и его враги: исторический роман; в 4 ч.; пер. с нем.; Ч. 3 и 4

Bibliographische Detailangaben
1. Verfasser: Борн Г. Георг
Sprache:Russisch
Veröffentlicht: Новосибирск, АО "Интербук", 1993
Schriftenreihe:Библиотека историко-приключенческого романа
Schlagworte:
Format: MixedMaterials Buch
KOHA link:https://koha.lib.tpu.ru/cgi-bin/koha/opac-detail.pl?biblionumber=157835

MARC

LEADER 00000nam0a2200000 4500
001 157835
005 20231031154023.0
010 |a 5766409443 
010 |a 5-7664-0946-X 
020 |a RU  |b 94-1800 
035 |a (RuTPU)RU\TPU\book\171196 
035 |a RU\TPU\book\171127 
090 |a 157835 
100 |a 20090414g1993 m y0rusy5003 ca 
101 1 |a rus  |c ger 
102 |a RU 
105 |a y z 000zy 
200 1 |a Султан и его враги  |e исторический роман  |e в 4 ч.  |e пер. с нем.  |h Ч. 3 и 4  |v Т. 2  |f Г. Борн 
210 |a Новосибирск  |c АО "Интербук"  |d 1993 
215 |d 21 см  |a 384 с.  |c ил. 
225 1 |a Библиотека историко-приключенческого романа 
610 1 |a Турция, 19 в. 
610 1 |a Исторические романы 
675 |a 83  |z rus 
700 1 |a Борн  |b Г.  |g Георг  |4 070 
801 0 |a RU  |b RuMRKP  |c 19950413  |g psbo 
801 1 |a RU  |b 63413507  |c 20090413  |g PSBO 
801 2 |a RU  |b 63413507  |c 20090414  |g PSBO 
942 |c BK